| 000 | 01665nam a2200277 a 4500 | ||
|---|---|---|---|
| 001 | 000007343 | ||
| 005 | 20240311112321.0 | ||
| 008 | 090908s1999 dr 001 0 spa d | ||
| 040 |
_aDO-SdBNP _bspa _cBNPHU |
||
| 082 |
_a331.8832 _bL579a |
||
| 100 | 1 |
_aLeón, Enrique de _92049 |
|
| 245 | 1 | 0 |
_a20 años de lucha : _bFENAMA y ADP / _cEnrique de León ; prólogo de Antonio Lokward Artiles. |
| 246 | 1 | 3 |
_aVeinte años de lucha : _bFENAMA y ADP |
| 260 |
_aSanto Domingo, : _bAlfa y Omega, _c1999. |
||
| 300 |
_a150 p. ; _c19 cm. |
||
| 500 | _aIncluye datos biográficos del autor en la contrasolapa. | ||
| 505 | 0 |
_aA modo de presentación -- _tPrólogo: Nunca perder la perspectiva / _rAntonio Lokward Artiles -- _tIntroducción -- _tCoyunturas en las que surgen FENAMA y la ADP -- _tAnalogías y diferencias entre FENAMA y la ADP -- _tPrincipales luchas de FENAMA y de la ADP: Resultados y experiencias -- _tVinculación de FENAMA y la ADP con el movimiento sindical y los sectores populares -- _tVeinte años de lucha: balance y perspectivas -- _gBibliografía -- _tCronología de los principales hechos y actividades del movimiento sindical del personal docente de la República Dominicana, 1961-1980. |
|
| 590 | _aInventariado, 2018/VM | ||
| 650 | 4 |
_aSindicatos de maestros _zRepública Dominicana _917391 |
|
| 650 | 4 |
_aSindicalismo _zRepública Dominicana _97319 |
|
| 650 | 4 |
_aAsociaciones de maestros _zRepública Dominicana _xHistoria _920421 |
|
| 700 | 1 |
_aLockward Artiles, Antonio, _epról. _920422 |
|
| 710 | 2 |
_aAsociación Dominicana de Profesores _977682 |
|
| 710 | 2 |
_aFederación Nacional de Maestros (FENAMA) _920424 |
|
| 910 | _aValidado. Control de calidad EMS | ||
| 999 |
_c7124 _d7124 |
||